Kesan ibadah dalam pembentukan akhlak

Bibliographic Details
Main Author: Dr.Budah Mohsin
Format: Book
Published: Kuala Lumpur : Al-Rahmaniah , 1986
Subjects:

MARC

LEADER 00000cam a2200000 7i4500
001 0000004181
005 20050627.0
040 |a INS 
090 0 0 |a BP174.   |b U43 1986 
100 0 |a Dr.Budah Mohsin 
245 1 0 |a Kesan ibadah dalam pembentukan akhlak   |c Dr. Budah Mohsin 
260 |a Kuala Lumpur :   |b Al-Rahmaniah ,   |c 1986 
300 |a 67p ;   |c 20cm. 
650 0 0 |a Islamic ethics 
999 |a 0000002093   |b BOOK   |c Open Shelf   |e Default branch